000 01176nam2a2200265 4500
001 RU\NLR\bibl\6319
005 20250615005710.0
010 _a5-85746-366-1
_9300
021 _aRU
_b98-7721
_9368
035 _a(NLR Aleph) 000006151
090 _a17953
_c17953
100 _a19981026d1997 |||y0rusy50 ca
101 0 _arus
102 _aRU
105 _a|||||||||||||
200 0 _aЧ. 2
210 _d1997
_aБ. м.
215 _a47 с.
320 _aБиблиогр. в конце гл.
461 0 _1001RU\NLR\bibl\6599
_12001#$aПроблемы языка, состава текста и жанра старопечатных памятников русской письменности XVII-XVIII вв.$vЧ. 2
_919044
_aКлименко, Л. П.
_cН.Новгород
_d1997
_fЛ.П. Клименко
_nИзд-во ННГУ
_oМатериалы спецкурса
_tПроблемы языка, состава текста и жанра старопечатных памятников русской письменности XVII-XVIII вв.
_vЧ. 2
801 0 _aRU
_bNLR
_c19981026
_gPSBO
801 1 _aRU
_bNLR
_c19981026
852 _aNLR
_j97-4/5820
942 _cBOOK
980 _aNB